00731nam a2200241 a 4500008004100000020002200041049000900063090001600072245008000088260005100168300003400219500004100253650001900294700002400313700002600337700002200363907003500385003000100420005001700421040000900438942002300447999001900470  a0874933188 (pbk.) aMAIN aRC86.7bBLS10aBLS for healthcare providers /c[edited] by Edward R. Stapleton... [et.al] aNew York :bAmerican Heart Association,c2001. axii, 247 p. :bill. ;c28 cm. aIncludes bibliographical references. 1aHeart disease. aCummins, Richard O. aHazinski, Mary Fran. aAufderheide, Tom. a.b10263123b26-08-09c03-06-0920230123124937.0 cNUST cBOOKSkRC86.7mBLS c132998d132998